Análisis de asentamientos de losas de fundación sobre rellenos de suelo colapsable mediante la aplicación de un modelo físico
Zapisane w:
| 1. autor: | |
|---|---|
| Kolejni autorzy: | |
| Format: | Książka |
| Wydane: |
[San José, Costa Rica]
2005
|
| Hasła przedmiotowe: | |
| Etykiety: |
Dodaj etykietę
Nie ma etykietki, Dołącz pierwszą etykiete!
|
MARC
| LEADER | 00000nam a2200000Ia 4500 | ||
|---|---|---|---|
| 003 | 009499 | ||
| 005 | 20231122144155.0 | ||
| 008 | 140114s2005 cr a m 000 ||s d | ||
| 040 | |c cru CEDI | ||
| 090 | |a TFG 5039 | ||
| 100 | |a Mata Monge, Rodrigo, 1982- |9 1833 | ||
| 245 | |a Análisis de asentamientos de losas de fundación sobre rellenos de suelo colapsable mediante la aplicación de un modelo físico | ||
| 260 | |a [San José, Costa Rica] |c 2005 | ||
| 300 | |a xii, 139, [63] hojas : ilustraciones a color | ||
| 500 | |a Trabajo de graduación (licenciatura en ingeniería civil)--Universidad de Costa Rica, Escuela de Ingeniería Civil | ||
| 501 | |a Director de Trabajo Final de graduación: Ing. Luis Ángel Vargas Herrera | ||
| 650 | |x CIMENTACIONES |x MECANICA DE SUELOS |x CONSISTENCIA DE SUELOS |x ESTABILIZACION DE SUELOS |x CONSTRUCCIONES DE HORMIGON ARMADO |x DISEÑO DE ESTRUCTURAS |9 6073 | ||
| 700 | |a Vargas Herrera, Luis Ángel, 1974- |d Director del TFG |9 1555 | ||
| 942 | |c TFG |h TFG 5039 |i 009499 |6 TFG_5039_009499000000000 | ||
| 999 | |c 17384 |d 17384 | ||
